| 000 | 01321nam0a22003251 4500 | ||
|---|---|---|---|
| 001 | rc\4873059 | ||
| 005 | 20250613024029.0 | ||
| 021 |
_aRU _b[61-88591] |
||
| 035 | _a(NLR Aleph) 008912014 | ||
| 090 |
_a8769820 _c8769820 |
||
| 100 | _a20130426d1962 |||y0rusy50 ca | ||
| 101 | 0 | _arus | |
| 102 | _aRU | ||
| 105 | _aa z ||||| | ||
| 200 | 1 | _aМеталлографическое определение включений в стали | |
| 205 | _a2-е изд., перераб. и доп. | ||
| 210 |
_aМосква _cМеталлургиздат _d1962 |
||
| 215 |
_a248 с., 1 л. табл. _cил. _d27 |
||
| 300 | _aПеред загл. авт.: А.Н. Червяков, С.А. Киселева, А.Г. Рыльникова | ||
| 320 | _aБиблиогр.: с. 196-199 (98 назв.) | ||
| 606 |
_aСталь _xВключения _2psbo |
||
| 700 | 1 |
_aЧервяков _bА. Н. _gАлександр Николаевич |
|
| 701 | 1 |
_7ca _8rus _aКиселева _bС. А. _cканд. техн. наук, металлургия _gСофья Александровна _9269968 _3RU\NLR\AUTH\770270024 |
|
| 701 | 1 |
_aРыльникова _bА. Г. _gАлла Григорьевна |
|
| 801 | 0 |
_aRU _bNLR _gpsbo |
|
| 801 | 1 |
_aRU _bELAR _2rusmarc |
|
| 852 |
_aNLR _j62-7/195 |
||
| 942 | _cBOOK | ||
| 980 | _aNB | ||